000 01166cam a22001935a 4500
001 L149121
008 100113s2009 xxk 000 0 eng d
035 _a(Sirsi) u149121
041 0 _aeng
110 2 _aAsia Property
_95589
245 0 0 _aSurvey
_bSouth-East Asia
260 _c2009
490 0 _aAsia Property
_vNovember 2009 17-25(8)
520 _aOnly Malaysia and Vietnam have attracted major investment so far, as the region?s economies become free of the recession. Office oversupply and a lack of distressed assets continue to deter overseas investors in Kuala Lumpur. Vietnam?s capital values have largely held up and long term prospects are good especially in retail.Thailand?s property market has ridden out the downturn and the Asian financial crisis but continuing restrictions make it a tough market for foreign investors.The Phillipines? property sector will be boosted by the imminent introduction of REITs as well as benefitting from Phillipines Dollars 17bn sent home by Filipinos working abroad.
590 _aKA
651 4 _aAsia Pacific
690 _aPROPERTY-COMMERCIAL PROPERTY-COMMERCIAL PROPERTY FINANCE AND INVESTMENT
942 _n0
999 _c82066
_d82066